|
|
|
|
| LEADER |
00849nam a22002177a 4500 |
| 001 |
40242 |
| 003 |
BD-DhAAL |
| 008 |
230104t2019 bg ||||| |||| 00| 0 eng d |
| 020 |
|
|
|a 9789849381464
|
| 040 |
|
|
|a BD-DhAAL
|c BD-DhAAL
|
| 082 |
|
|
|a 339.095492
|2 23
|
| 100 |
|
|
|a Azizul Islam, Mirza,
|4 author.
|
| 245 |
|
|
|a Macro economic policy implementation in Bangladesh /
|c Mirza Azizul Islam.
|
| 260 |
|
|
|a Dhaka :
|b Aloghar Prakashana,
|c 2019.
|
| 300 |
|
|
|a 154 pages ;
|c 22 cm.
|
| 541 |
|
|
|a Donated By Akbar Ali Khan
|e 40242
|
| 650 |
|
|
|a Macroeconomics
|z Bangladesh.
|9 47698
|
| 852 |
|
|
|a Ayesha Abed Library
|c Akbar Ali Khan Collection
|
| 942 |
|
|
|2 ddc
|c BK
|
| 999 |
|
|
|c 45395
|d 45395
|
| 952 |
|
|
|0 0
|1 0
|2 ddc
|4 0
|6 339_095492000000000_AZI
|7 1
|9 72625
|a BRACUL
|b BRACUL
|c AAKC
|d 2023-01-04
|e Donated By Akbar Ali Khan
|g 350.00
|l 0
|o 339.095492 AZI
|p 3010040242
|r 2023-01-04
|t 1
|w 2023-01-04
|y BK
|